| 000 | 00941nam a22002777i 4500 | ||
|---|---|---|---|
| 003 | URS | ||
| 005 | 20251001091328.0 | ||
| 008 | 190208s2014 ph ||||| |||| 00| 0 eng d | ||
| 020 | _a9716857788 | ||
| 040 |
_beng _erda _cURS |
||
| 050 | 1 | 4 |
_aLB 1028.24 _b.Ac851 2014 |
| 100 | _aBondoc, Victoriana P. | ||
| 245 | 1 | 0 |
_aAction research made easy : _ba practical guide to the preparation of action research in education / _cVictoriana P. Bondoc |
| 264 | 1 |
_aQuezon City, Philippines : _bLorimar Publishing , _c[2014] |
|
| 264 | 1 | _c[2014] | |
| 264 | 4 | _c©2014 | |
| 300 |
_ax, 97 pages ; _c28 cm |
||
| 336 |
_atext _btxt _2rdacontent |
||
| 337 |
_aunmediated _bn _2rdamedia |
||
| 338 |
_avolume _bnc _2rdacarrier |
||
| 504 | _aIncludes bibliography. | ||
| 524 | _aBondoc, V. P. et al (2014) Action research made easy. Quezon City, Philippines: Lorimar publishing. | ||
| 526 | _aBEED | ||
| 650 | 0 | _aAction reseach in Education. | |
| 942 |
_2lcc _cF |
||
| 999 |
_c4817 _d4817 |
||